| 000 | 00922nam a2200277u 4500 | ||
|---|---|---|---|
| 001 | 8353855 | ||
| 003 | OSt | ||
| 005 | 20110422131255.0 | ||
| 008 | 821108s1951 mou 000 0 eng | ||
| 010 | _a 48021357 | ||
| 020 | _a0406938849 | ||
| 040 |
_aDLC _cCarP _dDLC |
||
| 043 | _an-us--- | ||
| 050 | 0 | 0 |
_aKF730 _b.B62 |
| 082 | _a346.05 UND | ||
| 100 | 1 |
_aUnderhill and Hayton _91544 |
|
| 245 | 0 | 4 |
_a Law of trusts and trustees : _cUnderhil and Hayton / |
| 250 | _a6th ed. | ||
| 260 |
_aKansas City, Mo., _bVernon Law Book Co. [1946-53; v. l. _c2003 |
||
| 300 |
_acxIix, 1107p.; _c20 cm. |
||
| 650 | 0 |
_aTrusts and trustees _zUnited States. [from old catalog] _91545 |
|
| 700 | 1 |
_aBogert, George Taylor. [from old catalog] _91546 |
|
| 906 |
_a0 _bcbc _cpremunv _du _encip _f19 _gy-gencatlg |
||
| 942 |
_2ddc _cBK |
||
| 999 |
_c531 _d531 |
||